Understanding argument : a text with reading

Bibliographic Details
Main Author: Syeler, Dorothy U
Format: Book
Published: New York : McGraw-Hill , 1994
Subjects:

MARC

LEADER 00000cam a2200000 7i4500
001 0000003105
002 000003358
005 20000330.0
020 |a 0070564388 
090 0 0 |a 808.0427   |b SEY 
100 1 |a Syeler, Dorothy U 
245 1 0 |a Understanding argument :   |b a text with reading   |c Dorothy U.Syeler 
260 |a New York :   |b McGraw-Hill ,   |c 1994 
300 |a 512p. ;   |c 22cm. 
650 0 0 |a English language   |x Rhetoric 
999 |a 036667   |b BUKU   |c PINJAMAN   |e PERPUSTAKAAN KOMUNITI PETALING JAYA